| 000 | 00456nam a2200145Ia 4500 | ||
|---|---|---|---|
| 008 | 210210b1984 xxu||||| |||| 00| 0 eng d | ||
| 082 | _a510.02 MCCK | ||
| 100 | _aM C C PUBLICATIONS. | ||
| 245 | _aKarnatak medical & engineering joint entrance test 1984: mathematics. | ||
| 260 |
_aBangalore _bM C C Publications _c1984 |
||
| 300 | _aiv,248 | ||
| 650 | _aMedical entrance maths Engineering entrance maths | ||
| 690 | _aMaths Entrance | ||
| 906 | _aSG02758 | ||
| 999 |
_c113714 _d113714 |
||